000 00305nam a22001457a 4500
008 210304b ||||| |||| 00| 0 eng d
020 _a0407006583
041 _aeng
080 _24th
_a61
082 _a61
100 _a3
101 _aSHM
245 _aOperative Surgery
_cDudley, G
942 _2udc
_cBK
999 _c55753
_d55753